Text book of Anatomy Physilogy & Health Education (Record no. 9033)

MARC details
000 -LEADER
fixed length control field 00370nam a22001457a 4500
003 - CONTROL NUMBER IDENTIFIER
control field OSt
008 - FIXED-LENGTH DATA ELEMENTS--GENERAL INFORMATION
fixed length control field 200715b ||||| |||| 00| 0 eng d
100 ## - MAIN ENTRY--PERSONAL NAME
Personal name Bhise , S.B.
245 ## - TITLE STATEMENT
Title Text book of Anatomy Physilogy & Health Education
250 ## - EDITION STATEMENT
Edition statement 2018
260 ## - PUBLICATION, DISTRIBUTION, ETC. (IMPRINT)
Place of publication, distribution, etc New Delhi
Name of publisher, distributor, etc Nirali
300 ## - PHYSICAL DESCRIPTION
Extent Pg-18.14
650 ## - SUBJECT ADDED ENTRY--TOPICAL TERM
Topical term or geographic name as entry element Human Anatomy and Physiology
942 ## - ADDED ENTRY ELEMENTS (KOHA)
Source of classification or shelving scheme Dewey Decimal Classification
Koha item type Text Books
942 ## - ADDED ENTRY ELEMENTS (KOHA)
-- 8
Holdings
Withdrawn status Lost status Source of classification or shelving scheme Damaged status Not for loan Collection code Home library Current library Date acquired Source of acquisition Currency Cost, normal purchase price Bill Number Total Checkouts Full call number Acc. no. / Barcode Date last seen Date last borrowed Actual Cost, discounted price Bill Date Koha item type
    Dewey Decimal Classification     B.Pharma PIET C-LIBRARY PIET C-LIBRARY 01/02/2020 Kirti Prakashan Indian Rup 225.00 IN6233 12 611 BHT BP964 05/05/2025 17/04/2025 166.50 01/02/2020 Text Books
    Dewey Decimal Classification     B.Pharma PIET C-LIBRARY PIET C-LIBRARY 01/02/2020 Kirti Prakashan Indian Rup 225.00 IN6233 2 611 BHT BP965 17/01/2022 03/01/2022 166.50 01/02/2020 Reference Books

Design & Developed by: PIET Central Library
R70 Miles Stone Pattikalyana Samalkha Panipat 132102
mail ID :- [email protected], Phone No:- 0180-2569700 Ex.216